ITA-Soberanos de Florencia y/o Toscana - Estadísticas

Estadísticas generales
  • Esta prueba ha sido intentada 17 veces
  • La puntuación promedio es 14 de 31
Estadísticas de respuestas
Período Nombre del Soberano % Correcto
1469-1492 Lorenzo I
92%
1516-1519 Lorenzo II
92%
1512-1513 Cardenal Juan
62%
1737-1765 Francisco Esteban
62%
1574-1587 Francisco I
62%
1723-1737 Juan Gastón
62%
1587-1609 Fernando I
46%
1621-1670 Fernando II
46%
1790-1801 Fernando III
46%
1814-1824 Fernando III
46%
1859-1860 Fernando IV
46%
1801-1803 Luis I
46%
1803-1807 Luis II
46%
1464-1469 Pedro I
46%
1492-1494 Pedro II
46%
1523-1527 Alejandro
38%
1530-1531 Alejandro
38%
1531-1537 Alejandro I
38%
1519-1523 Cardenal Julio
38%
1434-1464 Cosme
38%
1537-1569 Cosme I
38%
1569-1574 Cosme I
38%
1609-1621 Cosme II
38%
1670-1723 Cosme III
38%
1765-1790 Leopoldo I
31%
1824-1849 Leopoldo II
31%
1849-1859 Leopoldo II
31%
1809-1814 Elisa
23%
1469-1478 Juliano I
23%
1513-1516 Juliano II
23%
1523-1527 Hipólito
8%
No se encontraron pruebas coincidentes
Distribución de puntuación
Porcentaje de gente con cada puntuación
Porcentaje por número respondido
Historial de tus puntuaciones
No has intentado esta prueba.